Directorio de bibliotecas españolas / [dirección, Alicia Girón García ; dirección técnica, Concepción Molina Peralta]
ISBN:
84-7483-495-3
Publicado:
Madrid :
Ministerio de Cultura : Dirección General del Libro y Bibliotecas, Centro de Coordinación Bibliotecaria ,
1988
Descripción Física:
XIX, 529 p. ; 30 cm
Otros Autores:
Girón García, Alicia
,
Molina Peralta, Concepción, dir
,
Espanya. Ministerio de Cultura
,
Centro de Coordinación Bibliotecaria (Espanya)
Materias:
Biblioteques -- Espanya -- Directoris
MARC
| LEADER | 00000nam a2200000Ia 4500 | ||
|---|---|---|---|
| 001 | 13055 | ||
| 008 | 160829s1988 xx 000 0 cat d | ||
| 020 | |a 84-7483-495-3 | ||
| 080 | |a A-2-95 | ||
| 245 | |a Directorio de bibliotecas españolas / [dirección, Alicia Girón García ; dirección técnica, Concepción Molina Peralta] | ||
| 260 | |a Madrid : |b Ministerio de Cultura : |b Dirección General del Libro y Bibliotecas, Centro de Coordinación Bibliotecaria, |c 1988 | ||
| 300 | |a XIX, 529 p. ; |c 30 cm | ||
| 650 | |a Biblioteques |x Espanya |x Directoris |9 37926 | ||
| 700 | 1 | |a Girón García, Alicia |9 37927 | |
| 700 | |a Molina Peralta, Concepción, dir. |9 37928 | ||
| 700 | |a Espanya. Ministerio de Cultura |9 37983 | ||
| 700 | |a Centro de Coordinación Bibliotecaria (Espanya) |9 37930 | ||
| 901 | |a Arxiu | ||
| 942 | |n 1 | ||
| 952 | |0 0 |1 0 |4 0 |6 A295 |7 1 |9 48156 |a Arxiu |b Arxiu |d 2016-12-01 |l 0 |o A-2-95 |p 13055 |r 2016-12-01 00:00:00 |w 2016-12-01 |y ARXIU | ||
| 999 | |c 51959 |d 51959 | ||